000 00599nam a2200181 i 4500
001 125838
003 ES-MaACL
005 20230906192716.0
007 t|
008 070214s1966 xxua |||| | eng d
100 1 _aRawlings, Marjorie Kinnan.
_995608
245 1 0 _aCross Creek /
_cMarjorie Kinnan Rawlings ; with a new introduction by Shirley Ann Grau ; decorations by Edward Shenton.
260 _aNew York :
_bTime Incorporated,
_c1966.
300 _aXXI, 380 p. :
_bil. ;
_c20 cm.
700 1 _aGrau, Shirley Ann.
_959743
700 1 _aShenton, Edward.
_9106080
852 _aES-MaACL
_jG-4063
999 _c125838
_d125838